|
|
|
|
| LEADER |
00000cas a2200000 c 4500 |
| 001 |
490472818 |
| 003 |
DE-627 |
| 005 |
20250604141513.0 |
| 007 |
tu |
| 008 |
050628c20039999dk z| m| 0 |0und c |
| 016 |
7 |
|
|a 975467492
|2 DE-101
|
| 016 |
7 |
|
|a 2193361-3
|2 DE-600
|
| 035 |
|
|
|a (DE-627)490472818
|
| 035 |
|
|
|a (DE-576)111481120
|
| 035 |
|
|
|a (DE-599)ZDB2193361-3
|
| 035 |
|
|
|a (OCoLC)637949591
|
| 040 |
|
|
|a DE-627
|b ger
|c DE-627
|e rakwb
|
| 044 |
|
|
|c XA-DK
|
| 082 |
0 |
4 |
|a 910
|a 940
|q DE-600
|
| 245 |
0 |
0 |
|a Black Sea studies
|c The Danish National Research Foundation's Centre for Black Sea Studies & Groningen Institute of Archaeology, University of Groningen
|
| 264 |
3 |
1 |
|a Århus
|b Århus Univ. Press
|c 2003-
|
| 336 |
|
|
|a Text
|b txt
|2 rdacontent
|
| 337 |
|
|
|a ohne Hilfsmittel zu benutzen
|b n
|2 rdamedia
|
| 338 |
|
|
|a Band
|b nc
|2 rdacarrier
|
| 362 |
0 |
|
|a 1.2003 -
|
| 363 |
0 |
1 |
|a 1
|i 2003
|
| 655 |
|
7 |
|a Monografische Reihe
|0 (DE-588)4179998-7
|0 (DE-627)104628669
|0 (DE-576)209995106
|2 gnd-content
|
| 889 |
|
|
|w (DE-603)126718512
|
| 935 |
|
|
|i sdedup20220301
|
| 951 |
|
|
|a ST
|
| BIB |
|
|
|a 1
|c 1
|
| ELC |
|
|
|b 1
|
| ITA |
|
|
|a 1
|t 1
|
| LOK |
|
|
|0 000 xxxxxcx a22 zn 4500
|
| LOK |
|
|
|0 001 2563651069
|
| LOK |
|
|
|0 003 DE-627
|
| LOK |
|
|
|0 004 490472818
|
| LOK |
|
|
|0 005 20080219151520
|
| LOK |
|
|
|0 008 080219||||||||||||||||ger|||||||
|
| LOK |
|
|
|0 040
|a DE-21
|c DE-627
|d DE-21
|
| LOK |
|
|
|0 852
|a DE-21
|
| LOK |
|
|
|0 852 1
|9 00
|
| LOK |
|
|
|0 939
|a 19-02-08
|b l01
|
| LOK |
|
|
|0 000 xxxxxcx a22 zn 4500
|
| LOK |
|
|
|0 001 2517996105
|
| LOK |
|
|
|0 003 DE-627
|
| LOK |
|
|
|0 004 490472818
|
| LOK |
|
|
|0 005 20061012153831
|
| LOK |
|
|
|0 008 061012||||||||||||||||ger|||||||
|
| LOK |
|
|
|0 040
|a DE-21-11
|c DE-627
|d DE-21-11
|
| LOK |
|
|
|0 852
|a DE-21-11
|
| LOK |
|
|
|0 852 1
|m p
|9 00
|
| LOK |
|
|
|0 938
|k p
|
| LOK |
|
|
|0 939
|a 12-10-06
|b l01
|
| LOK |
|
|
|0 000 xxxxxcx a22 zn 4500
|
| LOK |
|
|
|0 001 2607230209
|
| LOK |
|
|
|0 003 DE-627
|
| LOK |
|
|
|0 004 490472818
|
| LOK |
|
|
|0 005 20090804094127
|
| LOK |
|
|
|0 008 090804||||||||||||||||ger|||||||
|
| LOK |
|
|
|0 040
|a DE-21-14
|c DE-627
|d DE-21-14
|
| LOK |
|
|
|0 852
|a DE-21-14
|
| LOK |
|
|
|0 852 1
|m p
|9 00
|
| LOK |
|
|
|0 935
|a i014
|
| LOK |
|
|
|0 938
|k p
|
| LOK |
|
|
|0 939
|a 04-08-09
|b l01
|
| LOK |
|
|
|0 000 xxxxxcx a22 zn 4500
|
| LOK |
|
|
|0 001 2695743920
|
| LOK |
|
|
|0 003 DE-627
|
| LOK |
|
|
|0 004 490472818
|
| LOK |
|
|
|0 005 20111122091812
|
| LOK |
|
|
|0 008 111122||||||||||||||||ger|||||||
|
| LOK |
|
|
|0 040
|a DE-21-32a
|c DE-627
|d DE-21-32a
|
| LOK |
|
|
|0 852
|a DE-21-32a
|
| LOK |
|
|
|0 852 1
|m p
|9 00
|
| LOK |
|
|
|0 938
|k p
|
| LOK |
|
|
|0 939
|a 22-11-11
|b l01
|
| ORI |
|
|
|a SA-MARC-ixtheob001.raw
|
| REL |
|
|
|a 1
|
| SPR |
|
|
|a 1
|t BIB
|t IXT
|t REL
|
| SUB |
|
|
|a REL
|